Religion and the modern mind / (Record no. 31661)
[ view plain ]
| 000 -LEADER | |
|---|---|
| fixed length control field | 00718cam a22002412 4500 |
| 001 - CONTROL NUMBER | |
| control field | 31661 |
| 003 - CONTROL NUMBER IDENTIFIER | |
| rucl marc code | BD-RjUL |
| 005 - DATE AND TIME OF LATEST TRANSACTION | |
| control field | 20211209051731.0 |
| 008 - FIXED-LENGTH DATA ELEMENTS--GENERAL INFORMATION | |
| fixed length control field | 140421t1953 enk 001 0 eng d |
| 035 ## - SYSTEM CONTROL NUMBER | |
| System control number | (BD-RjUL)31749 |
| 040 ## - CATALOGING SOURCE | |
| Original cataloging agency | ZLM |
| Transcribing agency | ZLM |
| Modifying agency | OCL |
| -- | UKM |
| -- | EQO |
| -- | BD-RjUL |
| Language of cataloging | eng |
| 041 ## - LANGUAGE CODE | |
| Language code of text/sound track or separate title | eng |
| 082 00 - DEWEY DECIMAL CLASSIFICATION NUMBER | |
| Classification number | 201 |
| Author mark and year | STR 1953 |
| 090 ## - LOCALLY ASSIGNED LC-TYPE CALL NUMBER (OCLC); LOCAL CALL NUMBER (OCLC) | |
| Classification number (OCLC) (R) ; Classification number, CALL (RLIN) (NR) | BL51 |
| Local cutter number (OCLC) ; Book number/undivided call number, CALL (RLIN) | .S6256 1953 |
| 100 1# - MAIN ENTRY--PERSONAL NAME | |
| Personal name | Stace, W. T. |
| Fuller form of name | (Walter Terence), |
| Dates associated with a name | 1886-1967. |
| 9 (RLIN) | 92575 |
| 245 10 - TITLE STATEMENT | |
| Title | Religion and the modern mind / |
| Statement of responsibility, etc. | by W. T. Stace. |
| 260 ## - PUBLICATION, DISTRIBUTION, ETC. (IMPRINT) | |
| Place of publication, distribution, etc. | London : |
| Name of publisher, distributor, etc. | Macmillan, |
| Date of publication, distribution, etc. | 1953. |
| 300 ## - PHYSICAL DESCRIPTION | |
| Pagination | vii, 301 p. ; |
| Size | 22 cm. |
| 504 ## - BIBLIOGRAPHY, ETC. NOTE | |
| Bibliography, etc | includes index. |
| 650 #0 - SUBJECT ADDED ENTRY--TOPICAL TERM | |
| Topical term or geographic name as entry element | Religion |
| General subdivision | Philosophy. |
| 9 (RLIN) | 4031 |
| Topical term or geographic name as entry element | Skepticism |
| Form subdivision | Controversial literature. |
| 9 (RLIN) | 96344 |
| 942 ## - ADDED ENTRY ELEMENTS (KOHA) | |
| Source of classification or shelving scheme | Dewey Decimal Classification |
| Koha item type | Books |
| Lost status | Source of classification or shelving scheme | Damaged status | Not for loan | Collection code | Permanent Location | Current Location | Shelving location | Date acquired | Source of acquisition | Cost, normal purchase price | Total Checkouts | Full call number | Date last seen | Copy number | Koha item type |
|---|---|---|---|---|---|---|---|---|---|---|---|---|---|---|---|
| Dewey Decimal Classification | Non-fiction | Central Library, University of Rajshahi | Central Library, University of Rajshahi | 19/01/1965 | zeithinger | 21.00 | 201 STR 1953 | 21/04/2014 | C-5 | Books | |||||
| Dewey Decimal Classification | Not For Loan | Non-fiction | Central Library, University of Rajshahi | Central Library, University of Rajshahi | Reading Room | 08/09/1955 | B. H. Black Well | 15.00 | 201 STR 1953 | 23/04/2014 | C-1 | Books | |||
| Dewey Decimal Classification | Non-fiction | Central Library, University of Rajshahi | Central Library, University of Rajshahi | 07/06/1956 | published Ltd. | 17.00 | 201 STR 1953 | 23/04/2014 | C-3 | Books | |||||
| Dewey Decimal Classification | Non-fiction | Central Library, University of Rajshahi | Central Library, University of Rajshahi | 07/06/1956 | Publishcation Ltd. | 17.00 | 201 STR 1953 | 23/04/2014 | C-4 | Books | |||||
| Dewey Decimal Classification | Non-fiction | Central Library, University of Rajshahi | Central Library, University of Rajshahi | 07/06/1956 | Publishcation Ltd. | 17.00 | 201 STR 1953 | 23/04/2014 | C-2 | Books | |||||
| Dewey Decimal Classification | Non-fiction | Central Library, University of Rajshahi | Central Library, University of Rajshahi | 19/01/1965 | Zeitlinger | 21.00 | 201 STR 1953 | 24/04/2014 | C-8 | Books | |||||
| Dewey Decimal Classification | Non-fiction | Central Library, University of Rajshahi | Central Library, University of Rajshahi | 19/01/1965 | zeithinger | 21.00 | 201 STR 1953 | 27/04/2014 | C-9 | Books | |||||
| Dewey Decimal Classification | Non-fiction | Central Library, University of Rajshahi | Central Library, University of Rajshahi | 19/01/1965 | zeithinger | 21.00 | 201 STR 1953 | 27/04/2014 | C-10 | Books |